00349nam a2200121Ia 4500008004100000245001600041260000900057300003200066440002400098650001400122999001900136952007200155180117s9999 xx 000 0 und d aSubmissions c2017 a22-24 pages, 2017 August 20 aPhilippine Panorama aKULATERAL c353440d353440 001040aCLbCLd2018-01-17l0r2018-01-17 00:00:00w2018-01-17ySE